{"text_format":"3","workbook":"xlsx","n_sheets":1,"sheets":["Worksheet"],"read":"whole","date_system":"1900"}

{"sheet":"Worksheet","index":0,"n_rows":43,"n_cols":22,"rows_kept":43}
["№","Район","Код участника","Название ОУ","СНИЛС","Фамилия","Имя","Отчество","Пол","Дата рождения","Участник с ОВЗ","Класс","Класс участия","Балл","Добавлено баллов по итогам апелляции","Итоговый балл","Макс. балл","Статус","Призер МЭ прошлого года","Учитель","Место работы учителя","Предмет"]
[38370,"Атнинский район","194001_17807712393_56","МБОУ «Большеатнинская СОШ»",17807712393,"Галаветдинов","Асхат","Табрисович","м","19.08.2013","нет",4,4,5,0,5,100,"участник",null,"Исмагилова Фардия Ильгизовна","Муниципальное бюджетное общеобразовательное учреждение «Большеатнинская средняя общеобразовательная школа» Атнинского муниципального района Республики Татарстан","Математика (РОШ)"]
[38371,"Атнинский район","194001_17946651526_56","МБОУ «Большеатнинская СОШ»",17946651526,"Ялалдинов","Мухаммад","Рестэмович","м","09.12.2013","нет",4,4,20,0,20,100,"участник",null,"Исмагилова Фардия Ильгизовна","Муниципальное бюджетное общеобразовательное учреждение «Большеатнинская средняя общеобразовательная школа» Атнинского муниципального района Республики Татарстан","Математика (РОШ)"]
[38372,"Атнинский район","194001_17815039987_56","МБОУ «Большеатнинская СОШ»",17815039987,"Гайфуллина","Аида","Маратовна","ж","01.09.2013","нет",4,4,20,0,20,100,"участник",null,"Исхакова Гульнара Рафкатовна","Муниципальное бюджетное общеобразовательное учреждение «Большеатнинская средняя общеобразовательная школа» Атнинского муниципального района Республики Татарстан","Математика (РОШ)"]
[38373,"Атнинский район","194001_17884563536_56","МБОУ «Большеатнинская СОШ»",17884563536,"Сайфутдинов","Замир","Рустемович","м","20.10.2013","нет",4,4,10,0,10,100,"участник",null,"Исхакова Гульнара Рафкатовна","Муниципальное бюджетное общеобразовательное учреждение «Большеатнинская средняя общеобразовательная школа» Атнинского муниципального района Республики Татарстан","Математика (РОШ)"]
[38374,"Атнинский район","194001_17655898944_56","МБОУ «Большеатнинская СОШ»",17655898944,"Шигабетдинов","Камиль","Айнурович","м","02.05.2013","нет",4,4,5,0,5,100,"участник",null,"Исхакова Гульнара Рафкатовна","Муниципальное бюджетное общеобразовательное учреждение «Большеатнинская средняя общеобразовательная школа» Атнинского муниципального района Республики Татарстан","Математика (РОШ)"]
[38375,"Атнинский район","194001_17781391006_56","МБОУ «Большеатнинская СОШ»",17781391006,"Хайруллин","Эмиль","Халилович","м","06.08.2013","нет",4,4,0,0,0,100,"участник",null,"Сабирова Фирюза Аюповна","Муниципальное бюджетное общеобразовательное учреждение «Большеатнинская средняя общеобразовательная школа» Атнинского муниципального района Республики Татарстан","Математика (РОШ)"]
[38376,"Атнинский район","194001_17338248382_56","МБОУ «Большеатнинская СОШ»",17338248382,"Сафиуллина","Альфия","Алмазовна","ж","03.09.2012","нет",5,5,30,0,30,100,"призер",null,"Хакимова Лидия Салихзяновна","Муниципальное бюджетное общеобразовательное учреждение «Большеатнинская средняя общеобразовательная школа» Атнинского муниципального района Республики Татарстан","Математика (РОШ)"]
[38377,"Атнинский район","194001_16975102600_56","МБОУ «Большеатнинская СОШ»",16975102600,"Хусаенов","Адель","Альмирович","м","06.02.2012","нет",5,5,10,0,10,100,"участник",null,"Хуснутдинов Раиль Гаптрашидович","Муниципальное бюджетное общеобразовательное учреждение «Большеатнинская средняя общеобразовательная школа» Атнинского муниципального района Республики Татарстан","Математика (РОШ)"]
[38378,"Атнинский район","194001_16430118530_56","МБОУ «Большеатнинская СОШ»",16430118530,"МИФТАХУТДИНОВА","ЗАМИРА","РАФАЭЛЕВНА","ж","09.03.2011","нет",6,6,7,0,7,100,"участник",null,"Хафизова Расиля Динартовна","Муниципальное бюджетное общеобразовательное учреждение «Большеатнинская средняя общеобразовательная школа» Атнинского муниципального района Республики Татарстан","Математика (РОШ)"]
[38379,"Атнинский район","194001_16869608133_56","МБОУ «Большеатнинская СОШ»",16869608133,"ЯЛАЛДИНОВА","АМИНА","РЕСТЭМОВНА","ж","10.10.2011","нет",6,6,22,0,22,100,"участник",null,"Хафизова Расиля Динартовна","Муниципальное бюджетное общеобразовательное учреждение «Большеатнинская средняя общеобразовательная школа» Атнинского муниципального района Республики Татарстан","Математика (РОШ)"]
[38397,"Атнинский район","194001_17568182915_56","МБОУ «Большеатнинская СОШ»",17568182915,"Хадиев","Закир","Зиннурович","м","25.02.2013","нет",4,4,20,0,20,100,"участник",null,"Исмагилова Фардия Ильгизовна","Муниципальное бюджетное общеобразовательное учреждение «Большеатнинская средняя общеобразовательная школа» Атнинского муниципального района Республики Татарстан","Математика (РОШ)"]
[38398,"Атнинский район","194001_17587197228_56","МБОУ «Большеатнинская СОШ»",17587197228,"Валиуллина","Диляра","Рафисовна","ж","07.03.2013","нет",4,4,0,0,0,100,"участник",null,"Исхакова Гульнара Рафкатовна","Муниципальное бюджетное общеобразовательное учреждение «Большеатнинская средняя общеобразовательная школа» Атнинского муниципального района Республики Татарстан","Математика (РОШ)"]
[38406,"Атнинский район","194001_17282628890_56","МБОУ «Большеатнинская СОШ»",17282628890,"Ахмадуллин","Сулейман","Саидович","м","19.07.2012","нет",5,5,10,0,10,100,"участник",null,"Хакимова Лидия Салихзяновна","МБОУ «Большеатнинская СОШ»","Математика (РОШ)"]
[38407,"Атнинский район","194001_17074847589_56","МБОУ «Большеатнинская СОШ»",17074847589,"Назмиев","Нафис","Альфредович","м","09.03.2012","нет",5,5,5,0,5,100,"участник",null,"Хуснутдинов Раиль Гаптрашидович","МБОУ «Большеатнинская СОШ»","Математика (РОШ)"]
[38408,"Атнинский район","194001_17275725594_56","МБОУ «Большеатнинская СОШ»",17275725594,"Самиков","Рамазан","Рамилевич","м","04.07.2012","нет",5,5,25,0,25,100,"участник",null,"Хуснутдинов Раиль Гаптрашидович","МБОУ «Большеатнинская СОШ»","Математика (РОШ)"]
[38409,"Атнинский район","194001_16792737928_56","МБОУ «Большеатнинская СОШ»",16792737928,"МУРАТОВ","РАСИМ","ШАВКАТОВИЧ","м","16.08.2011","нет",6,6,15,0,15,100,"участник",null,"Хафизова Расиля Динартовна","МБОУ «Большеатнинская СОШ»","Математика (РОШ)"]
[38410,"Атнинский район","194001_16515661874_56","МБОУ «Большеатнинская СОШ»",16515661874,"ХАБИБУЛЛИНА","ЗИЛЯ","АЛЬБЕРТОВНА","ж","02.04.2011","нет",6,6,20,0,20,100,"участник",null,"Хафизова Расиля Динартовна","МБОУ «Большеатнинская СОШ»","Математика (РОШ)"]
[38411,"Атнинский район","194001_16788527638_56","МБОУ «Большеатнинская СОШ»",16788527638,"МУХАМЕТЗЯНОВ","АЗАТ","РЕНАТОВИЧ","м","31.08.2011","нет",6,6,20,0,20,100,"участник",null,"Хафизова Расиля Динартовна","МБОУ «Большеатнинская СОШ»","Математика (РОШ)"]
[38380,"Атнинский район","194002_17939003601_56","Муниципальное бюджетное общеобразовательное учреждение «Берескинская средняя общеобразовательная школа» Атнинского муниципального района",17939003601,"Латипов","Данияр","Ниязович","м","15.11.2013","нет",4,4,20,0,20,100,"участник",null,"Давлетшина Надия Вафовна",null,"Математика (РОШ)"]
[38381,"Атнинский район","194002_17956599051_56","Муниципальное бюджетное общеобразовательное учреждение «Берескинская средняя общеобразовательная школа» Атнинского муниципального района",17956599051,"Нигметзянов","Анвар","Айратович","м","15.12.2013","нет",4,4,20,0,20,100,"участник",null,"Давлетшина Надия Вафовна",null,"Математика (РОШ)"]
[38382,"Атнинский район","194002_18079118385_56","Муниципальное бюджетное общеобразовательное учреждение «Берескинская средняя общеобразовательная школа» Атнинского муниципального района",18079118385,"Юмангулов","Амин","Рамилевич","м","26.03.2014","нет",4,4,47,0,47,100,"призер",null,"Давлетшина Надия Вафовна",null,"Математика (РОШ)"]
[38383,"Атнинский район","194003_17781391107_56","Муниципальное бюджетное общеобразовательное учреждение «Староузюмская основная общеобразовательная школа» Атнинского муниципального района",17781391107,"Ахметов","Алмаз","Айратович","м","06.08.2013","нет",4,4,62,0,62,100,"победитель",null,"Гайнуллина Алия Юсуповна","Муниципальное бюджетное общеобразовательное учреждение \"Староузюмская ООШ\" Атнинского муниципального района Республики Татарстан","Математика (РОШ)"]
[38384,"Атнинский район","194003_17407445671_56","Муниципальное бюджетное общеобразовательное учреждение «Староузюмская основная общеобразовательная школа» Атнинского муниципального района",17407445671,"Хасибуллина","Айзиля","Алмазовна","ж","15.10.2012","нет",5,5,0,0,0,100,"участник",null,"Кашшапова","Муниципальное бюджетное общеобразовательное учреждение \"Староузюмская ООШ\" Атнинского муниципального района Республики Татарстан","Математика (РОШ)"]
[38385,"Атнинский район","194003_17107972976_56","Муниципальное бюджетное общеобразовательное учреждение «Староузюмская основная общеобразовательная школа» Атнинского муниципального района",17107972976,"Сибагатуллина","Азалия","Фаргатовна","ж","05.03.2011","нет",6,6,15,0,15,100,"участник",null,"Кашшапова","Муниципальное бюджетное общеобразовательное учреждение \"Староузюмская ООШ\" Атнинского муниципального района Республики Татарстан","Математика (РОШ)"]
[38386,"Атнинский район","194006_16809131476_56","Муниципальное бюджетное общеобразовательное учреждение «Коморгузинская средняя общеобразовательная школа» Атнинского муниципального района",16809131476,"Галимов","Ислам","Маратович","м","12.09.2011","нет",5,5,5,0,5,100,"участник",null,"Хуснутдинова Г.А.","МБОУ \"Коморгузинская СОШ\"","Математика (РОШ)"]
[38387,"Атнинский район","194006_17343910972_56","Муниципальное бюджетное общеобразовательное учреждение «Коморгузинская средняя общеобразовательная школа» Атнинского муниципального района",17343910972,"Исхаков","Наиль","Рустемович","м","23.01.2012","нет",5,5,5,0,5,100,"участник",null,"Хуснутдинова Г.А.","МБОУ \"Коморгузинская СОШ\"","Математика (РОШ)"]
[38388,"Атнинский район","194006_17170574567_56","Муниципальное бюджетное общеобразовательное учреждение «Коморгузинская средняя общеобразовательная школа» Атнинского муниципального района",17170574567,"Галиева","Наиля","Ленаровна","ж","17.04.2012","нет",5,5,0,0,0,100,"участник",null,"Хуснутдинова Г.А.","МБОУ \"Коморгузинская СОШ\"","Математика (РОШ)"]
[38389,"Атнинский район","194007_17684181104_56","МБОУ «Кулле-Киминская ООШ» Атнинского муниципального района",17684181104,"Кузьмин","Александр","Иванович","м","05.06.2013","нет",4,4,25,0,25,100,"участник",null,"Юсупова Гузалия Индусовна","МБОУ\"Кулле-Киминская ООШ\"Атнинского МР РТ","Математика (РОШ)"]
[38390,"Атнинский район","194007_18188157302_56","МБОУ «Кулле-Киминская ООШ» Атнинского муниципального района",18188157302,"Нуриев","Айнур","Рамилевич","м","29.04.2014","нет",4,4,10,0,10,100,"участник",null,"Юсупова Гузалия Индусовна","МБОУ\"Кулле-Киминская ООШ\"Атнинского МР РТ","Математика (РОШ)"]
[38391,"Атнинский район","194007_16634091065_56","МБОУ «Кулле-Киминская ООШ» Атнинского муниципального района",16634091065,"Хамидуллин","Инсаф","Радисович","м","03.06.2011","нет",6,6,55,0,55,100,"победитель",null,"Сафиуллин Алмаз Анасович","МБОУ\"Кулле-Киминская ООШ\"Атнинского МР РТ","Математика (РОШ)"]
[38392,"Атнинский район","194008_17084382273_56","Муниципальное бюджетное общеобразовательное учреждение «Кунгерская средняя общеобразовательная школа» Атнинского муниципального района",17084382273,"Шарипов","Ильяс","Ильнарович","м","29.02.2012","нет",5,5,5,0,5,100,"участник",null,"Ахатова Ляля Анасовна","МБОУ \"Кунгерская СОШ\" Атнинского муниципального района","Математика (РОШ)"]
[38393,"Атнинский район","194008_17191724173_56","Муниципальное бюджетное общеобразовательное учреждение «Кунгерская средняя общеобразовательная школа» Атнинского муниципального района",17191724173,"Валиев","Инсаф","Ильнарович","м","15.05.2012","нет",5,5,25,0,25,100,"участник",null,"Ахатова Ляля Анасовна","МБОУ \"Кунгерская СОШ\" Атнинского муниципального района","Математика (РОШ)"]
[38394,"Атнинский район","194008_17184347077_56","Муниципальное бюджетное общеобразовательное учреждение «Кунгерская средняя общеобразовательная школа» Атнинского муниципального района",17184347077,"Сабитова","Илюза","Ильфатовна","ж","28.04.2012","нет",5,5,0,0,0,100,"участник",null,"Ахатова Ляля Анасовна","МБОУ \"Кунгерская СОШ\" Атнинского муниципального района","Математика (РОШ)"]
[38395,"Атнинский район","194008_16401768556_56","Муниципальное бюджетное общеобразовательное учреждение «Кунгерская средняя общеобразовательная школа» Атнинского муниципального района",16401768556,"Садыков","Ислам","Талгатович","м","07.02.2011","нет",6,6,5,0,5,100,"участник",null,"Ахатова Ляля Анасовна","МБОУ \"Кунгерская СОШ\" Атнинского муниципального района","Математика (РОШ)"]
[38401,"Атнинский район","194009_17557079103_56","Муниципальное бюджетное общеобразовательное учреждение «Кубянская средняя общеобразовательная школа» Атнинского муниципального района",17557079103,"Василова","Алия","Халиловна","ж","09.02.2013","нет",4,4,35,0,35,100,"призер",null,"Гатауллина Гульназ Рахимановна","МБОУ \"Кубянская СОШ\"","Математика (РОШ)"]
[38402,"Атнинский район","194009_17618867318_56","Муниципальное бюджетное общеобразовательное учреждение «Кубянская средняя общеобразовательная школа» Атнинского муниципального района",17618867318,"Галявиева","Алия","Алмазовна","ж","04.04.2013","нет",4,4,10,0,10,100,"участник",null,"Гатауллина Гульназ Рахимановна","МБОУ \"Кубянская СОШ\"","Математика (РОШ)"]
[38403,"Атнинский район","194009_17733494097_56","Муниципальное бюджетное общеобразовательное учреждение «Кубянская средняя общеобразовательная школа» Атнинского муниципального района",17733494097,"Низамова","Дарина","Робертовна","ж","09.07.2013","нет",4,4,40,0,40,100,"призер",null,"Гатауллина Гульназ Рахимановна","МБОУ \"Кубянская СОШ\"","Математика (РОШ)"]
[38404,"Атнинский район","194009_17385131275_56","Муниципальное бюджетное общеобразовательное учреждение «Кубянская средняя общеобразовательная школа» Атнинского муниципального района",17385131275,"Шакиров","Раяз","Радисович","м","30.09.2012","нет",5,5,10,0,10,100,"участник",null,"Хабибуллина АйсылуРафизовна","МБОУ \"Кубянская СОШ\"","Математика (РОШ)"]
[38405,"Атнинский район","194009_16523320137_56","Муниципальное бюджетное общеобразовательное учреждение «Кубянская средняя общеобразовательная школа» Атнинского муниципального района",16523320137,"Гиниятуллина","Ранис","Раилевич","м","23.04.2011","нет",6,6,19,0,19,100,"участник",null,"Хабибуллина АйсылуРафизовна","МБОУ \"Кубянская СОШ\"","Математика (РОШ)"]
[38396,"Атнинский район","194013_16341783468_56","МБОУ \" Кушарская ООШ\" Атнинского муниципального района Республики Татарстан",16341783468,"Хайруллина","Камиля","Ниязовна","ж","08.12.2010","нет",6,6,38,0,38,100,"призер",null,"Хакимзянова Э.Н.","МБОУ \"Кушарская ООШ\"","Математика (РОШ)"]
[38399,"Атнинский район","194013_17663950310_56","МБОУ \" Кушарская ООШ\" Атнинского муниципального района Республики Татарстан",17663950310,"Халикова","Ясмина","Динартовна","ж","07.05.2013","нет",4,4,0,0,0,100,"участник",null,"Загрутдинова Елизаветта Петровна","МБОУ \"Кушарская ООШ\"","Математика (РОШ)"]
[38400,"Атнинский район","194013_17279417704_56","МБОУ \" Кушарская ООШ\" Атнинского муниципального района Республики Татарстан",17279417704,"Фомин","Риназ","Альбертович","м","08.07.2012","нет",5,5,5,0,5,100,"участник",null,"Сибагатова Э.Г.","МБОУ \"Кушарская ООШ\"","Математика (РОШ)"]